00462nam a2200145Ia 4500008004100000020001800041082001400059100002300073245003700096260000800133500001300141942000700154952014000161999001500301260604s9999 xx 000 0 und d a9780143458203 a808.3 MUR aSUDHA MURTY935379 0aHOW TO BE HAPPY WITH WHO YOU ARE bPUF aBe Happy cBK 00104070aIIMVbIIMVcChildren collectiond2026-06-04g250.00l0o808.3 MURp003800r2026-06-04 10:19:16v250.00w2026-06-04yBKBMUR c8182d8182